Detalles MARC
| 000 -LEADER |
| fixed length control field |
01318cam a2200205 a 4500 |
| 003 - CONTROL NUMBER IDENTIFIER |
| control field |
OSt |
| 005 - DATE AND TIME OF LATEST TRANSACTION |
| control field |
20200916113505.0 |
| 008 - FIXED-LENGTH DATA ELEMENTS--GENERAL INFORMATION |
| fixed length control field |
000210s19980000ck 1 spa d |
| 040 ## - CATALOGING SOURCE |
| Original cataloging agency |
CO-BoPUJ |
| Transcribing agency |
CO-JMCR |
| 041 0# - LANGUAGE CODE |
| Language code of text/sound track or separate title |
spa |
| 082 04 - DEWEY DECIMAL CLASSIFICATION NUMBER |
| Classification number |
303.69 / |
| Item number |
H117h |
| Edition number |
23 |
| 111 2# - MAIN ENTRY--MEETING NAME |
| Meeting name or jurisdiction name as entry element |
Asamblea General Confecamaras (32 : 1998 oct. 1-2 : Ibague, Colombia) |
| 9 (RLIN) |
10274 |
| 245 10 - TITLE STATEMENT |
| Title |
Hacia una cultura de paz / |
| Statement of responsibility, etc. |
Asamblea General Confecamaras |
| 260 ## - PUBLICATION, DISTRIBUTION, ETC. |
| Place of publication, distribution, etc. |
Ibague : |
| Name of publisher, distributor, etc. |
CONFECAMARAS, |
| Date of publication, distribution, etc. |
1998. |
| 300 ## - PHYSICAL DESCRIPTION |
| Extent |
95 páginas ; |
| Dimensions |
24 cm. |
| 505 0# - FORMATTED CONTENTS NOTE |
| Title |
Derrotar la esperanza / |
| Statement of responsibility |
Eugenio Marulanda Gómez -- |
| Title |
El imperativo de la ética / |
| Statement of responsibility |
Andrés Pastrana Arango -- |
| Title |
Cultura de paz / |
| Statement of responsibility |
Federico Mayor Zaragoza -- |
| Title |
Diplomacia para la paz / |
| Statement of responsibility |
Guillermo Fernández de Soto -- |
| Title |
Para los empresarios del empleo es el nuevo nombre de la paz / |
| Statement of responsibility |
Declaración de la XXXII Asamblea General de CONFECÁMARAS |
| Title |
Delincuencia y seguridad en América Latina / |
| Statement of responsibility |
Laura Chinchilla -- |
| Title |
Las fuerzas armadas y la paz / |
| Statement of responsibility |
Julio Balconi -- |
| Title |
La seguridad nacional / |
| Statement of responsibility |
Jean Arnault -- |
| Title |
Confrontación de poderes / |
| Statement of responsibility |
Alvaro Valencia Tovar -- |
| Title |
Paz en los campos / |
| Statement of responsibility |
Alberto González Murcia -- |
| Title |
Paz y desarrollo / |
| Statement of responsibility |
Enrique Mejía Fortich -- |
| 650 24 - SUBJECT ADDED ENTRY--TOPICAL TERM |
| Topical term or geographic name entry element |
Paz |
| Geographic subdivision |
Colombia |
| Form subdivision |
Congresos |
| 9 (RLIN) |
10275 |
| 650 24 - SUBJECT ADDED ENTRY--TOPICAL TERM |
| Topical term or geographic name entry element |
Condiciones sociales |
| General subdivision |
Congresos |
| Geographic subdivision |
Colombia |
| 9 (RLIN) |
10276 |
| 942 ## - ADDED ENTRY ELEMENTS (KOHA) |
| Source of classification or shelving scheme |
Dewey Decimal Classification |
| Koha item type |
Books |